Pet Expenditures Quiz Stats

Quiz not verified by Sporcle

Challenge
Share
Tweet
Embed
Score 0/8 Timer 03:00
0 Plays Today
Things Money is Spent On for Dogs/Cats % Correct
Food
99.1%
Routine Vet
90.1%
Toys
88.6%
Surgical Vet Visits
84.9%
Groomer, Grooming Aids
72.3%
Food Treats
59.9%
Vitamins
44.6%
Kennel Boarding
41%

You're not logged in!

Compare scores with friends on all Sporcle quizzes.
Sign Up with Email
OR
Log In

You Might Also Like...

Show Comments

Extras

Top Quizzes Today


Score Distribution

Your Account Isn't Verified!

In order to create a playlist on Sporcle, you need to verify the email address you used during registration. Go to your Sporcle Settings to finish the process.